• 首页
  • 本馆介绍
  • 公告通知
  • 最新文献
  • 馆藏检索
  • 电子资源
  • 读者导购
  • 参考咨询
  • 我的图书馆
  • 登录
  • 详细信息显示
  • 放入我的书架
  • 预约/预借图书
  • 作者相关作品
  • 分类相关作品
  • 丛书相关作品
  • 出版社相关作品

书目信息

  • 表格格式
  • 工作单格式
  • 卡片格式
题名:
信息管理学基础
    
 
作者: 娄策群 主编
分册:  
出版信息: 北京   科学出版社  2005
页数: 314页
开本: 24cm
丛书名:
单 册:
中图分类: G203
科图分类:
主题词: 信息管理--管理学--教材 , 信息管理
电子资源:
ISBN: 7-03-015443-6
000 00849nam0 2200253 450
001 002943642
005 20061104144413.32
010    @a7-03-015443-6@dCNY27.00
100    @a20050801d2005 em y0chiy0110 ea
101 0  @achi
102    @aCN@b110000
105    @ay z 000yy
200 1  @a信息管理学基础@9xin xi guan li xue ji chu@f娄策群主编
210    @a北京@c科学出版社@d2005
215    @a314页@d24cm
300    @a信息管理与信息系统专业规划教材
330    @a本书重点论述了信息管理学的研究对象、研究内容、学科体系、学科性质及发展沿革等学科理论,论述了信息管理的基本理论、过程、技术和人才问题等。
510 1  @aInformation Management and Information Systems@zeng
606 0  @a信息管理@x管理学@j教材
606 0  @a信息管理
690    @aG203@v4
701  0 @a娄策群@9lou ce qun@4主编
801  0 @aCN@bNLC@c20061104
905    @a10447@dG203@e183
    
    信息管理学基础/娄策群主编.-北京:科学出版社,2005
    314页;24cm
    信息管理与信息系统专业规划教材
    
    ISBN 7-03-015443-6:CNY27.00
    本书重点论述了信息管理学的研究对象、研究内容、学科体系、学科性质及发展沿革等学科理论,论述了信息管理的基本理论、过程、技术和人才问题等。
●
相关链接 在E读中查询图书 在五车中查询图书 在当当中查询图书 在豆瓣中查询图书


正题名:信息管理学基础     索取号:G203/183         预约/预借

序号 登录号 条形码 馆藏地/架位号 状态 备注
1 0380682   203806827   第一样本阅览室/ [索取号:G203/183] 在馆    
2 0380683   203806836   第四借阅区/ [索取号:G203/183] 在馆    
3 0380684   203806845   第四借阅区/ [索取号:G203/183] 在馆    
4 0380685   203806854   第四借阅区/ [索取号:G203/183] 在馆    
5 0380686   203806863   第四借阅区/ [索取号:G203/183] 在馆    
唐山师范学院图书馆 欢迎您!
大连网信软件有限公司© 版权所有